| 000 | 00579nam a2200169Ia 4500 | ||
|---|---|---|---|
| 003 | GCL | ||
| 008 | 140319s9999 xx 000 0 ara d | ||
| 040 |
_aGCL / _cGCL |
||
| 082 | 0 | 4 |
_a320.5 _bم ا |
| 100 | 1 | _aمحمد صالح المراكشى | |
| 245 | 1 | 0 |
_aالايديولوجية والحداثة عند رواد الفكر السلفى / _cمحمد صالح المراكشى |
| 300 | _a280 | ||
| 490 |
_aسلسلة الدراسات والبحوث المعمقة _v0 |
||
| 650 | 0 | 4 | _aالمذاهب السياسية |
| 650 | 0 | 4 | _aالايديولوجيا |
| 942 |
_2ddc _cBK |
||
| 999 |
_c43746 _d43746 |
||